000 00542nam a22002177a 4500
003 UA-OsUOA
001 112123
007 ta
008 20150622b un ||||| |||| 00| 0 ukr d
100 _aБілоусова Н.
090 _a32
_bБ67
942 _cSA
040 _aUA-OsUOA
_bukr
_cUA-OsUOA
_dUA-OsUOA
245 _aЄС готує оновлену енергетичну мапу...без України
300 _aС.7
955 _a0
041 _aukr
080 _a32
773 0 _w112121
650 7 _a32 Політика
_2UDC
999 _c398591
_d398591